000 00295nam a2200109Ia 4500
001 1262223
005 20260417140407.0
008 260417s9999 xx 000 0 und d
020 _a9789752896963
245 0 _aÇamaşırcının Kızı - Küçücük
_cOrhan Kemal
260 _bEverest Yayınları
999 _c1262223
_d1262223